000 00857nam a2200205 a 4500
008 130319s2012 ||||||||||||||||| || u
020 _a9780199608959
050 _aQH 87.3 Van
100 _avan der Valk, Arnold G
245 1 4 _aThe Biology of freshwater wetlands. (2nd ed.)
_cby Arnold G. van der Valk
250 _a2nd ed.
260 _aOxford:
_bOxford University Press
_c2012
300 _axiii, 280p.: ill.
500 _aIncludes bibliography
650 _aWETLANDS PLANTS
650 _aWETLANDS ANIMALS
650 _aWETLANDS
995 _aMAIN LIBRARY OPEN ACCESS
_e743502
_FCBU-MAIN LIBRARY (Kitwe)
_jQH 87.3 Van
_M1
_UAVAILABLE
_WApr 29, 2013
_y743502
_ZMain Library Open Access Collection
995 _aMAIN LIBRARY OPEN ACCESS
_e743503
_FCBU-MAIN LIBRARY (Kitwe)
_jQH 87.3 Van
_M2
_UAVAILABLE
_WApr 29, 2013
_y743503
_ZMain Library Open Access Collection
999 _c84670
_d84670